| 000 | 00954nam a2200337 a 4500 | ||
|---|---|---|---|
| 003 | AR-BaBNM | ||
| 005 | 20251128203719.0 | ||
| 008 | 082120s2002 ||||||||||||||000 | spa|| | ||
| 040 | _cAR-BaBNM | ||
| 100 | 1 | _aBeals, Alan R. | |
| 245 | 0 | 0 | _aAntropología cultural |
| 250 | _a1ª ed. | ||
| 260 |
_aMéxico, D.F. _bPax-México _c1971 |
||
| 300 |
_axxii, 386 p. _bil., gráfs. |
||
| 500 | _aContiene referencias bibliográficas en p. 361 | ||
| 500 | _aIndice de autores y materias en p. 375 | ||
| 650 | 4 | _aANTROPOLOGIA CULTURAL Y SOCIAL | |
| 650 | 4 | _aCULTURA | |
| 650 | 4 | _aMEDIO CULTURAL | |
| 650 | 4 | _aPARENTESCO | |
| 650 | 4 | _aDIFUSION DE LA CULTURA | |
| 650 | 4 | _aCONTROL SOCIAL | |
| 650 | 4 | _aCOMPORTAMIENTO | |
| 650 | 4 | _aCAMBIO CULTURAL | |
| 650 | 4 | _aACULTURACION | |
| 700 | 1 |
_aSpindler, George _ecolaborador |
|
| 700 | 1 |
_aSpindler, Louise _ecolaborador |
|
| 700 | 1 |
_aAsayuz, Hernando _etraductor |
|
| 942 | _cBK | ||
| 998 | _cMARTIN | ||
| 999 |
_c4601 _d4601 |
||